[Event "MVP-ch Seniors op 19th"]
[Site "Ostseebad Binz"]
[Date "2019.12.04"]
[Round "8"]
[White "Micheel, Peter"]
[Black "Meiwald, Gerhard"]
[Result "1/2-1/2"]
[WhiteElo "1852"]
[BlackElo "1936"]
[PlyCount "23"]
[EventDate "2019.11.27"]
[EventType "swiss"]
[EventRounds "9"]
[EventCountry "GER"]
[SourceTitle "EXT 2021"]
[Source "ChessBase"]
[SourceDate "2020.10.23"]
[SourceVersion "1"]
[SourceVersionDate "2020.10.23"]
[SourceQuality "1"]

1. e4 d5 2. exd5 Qxd5 3. Nc3 Qd6 4. d4 c6 5. Nf3 Nf6 6. Bg5 Bg4 7. Be2 Nbd7 8. h3 Bf5 9. 0-0 e6 10. Bd3 Bxd3 11. Qxd3 Be7 12. Rfe1 1/2-1/2

[Event "MVP-ch Seniors op 19th"]
[Site "Ostseebad Binz"]
[Date "2019.12.03"]
[Round "7"]
[White "Meiwald, Gerhard"]
[Black "Hiby, Harald"]
[Result "1/2-1/2"]
[WhiteElo "1936"]
[BlackElo "1796"]
[PlyCount "35"]
[EventDate "2019.11.27"]
[EventType "swiss"]
[EventRounds "9"]
[EventCountry "GER"]
[SourceTitle "EXT 2021"]
[Source "ChessBase"]
[SourceDate "2020.10.23"]
[SourceVersion "1"]
[SourceVersionDate "2020.10.23"]
[SourceQuality "1"]

1. d4 e6 2. Nf3 d5 3. Bf4 Nf6 4. e3 Bd6 5. Bg5 Nbd7 6. Nbd2 0-0 7. Bd3 h6 8. Bh4 b6 9. 0-0 Bb7 10. Re1 Be7 11. c4 c5 12. cxd5 Nxd5 13. Bxe7 Qxe7 14. Rc1 Rfd8 15. Qe2 Rac8 16. Ba6 Bxa6 17. Qxa6 Rc7 18. Qe2 1/2-1/2

[Event "MVP-ch Seniors op 17th"]
[Site "Binz"]
[Date "2017.12.05"]
[Round "7.10"]
[White "Meiwald, Gerhard"]
[Black "Krueger, Erich"]
[Result "0-1"]
[WhiteElo "1957"]
[BlackElo "2173"]
[PlyCount "76"]
[EventDate "2017.11.29"]
[EventType "swiss"]
[EventRounds "9"]
[EventCountry "GER"]
[SourceTitle "EXT 2019"]
[Source "ChessBase"]
[SourceDate "2018.10.10"]
[SourceVersion "1"]
[SourceVersionDate "2018.10.10"]
[SourceQuality "1"]

1. d4 Nf6 2. Nf3 g6 3. c4 Bg7 4. Nc3 0-0 5. e4 d6 6. h3 e5 7. dxe5 dxe5 8. Qxd8 Rxd8 9. Bg5 c6 10. Be2 h6 11. Be3 Na6 12. 0-0 Nh5 13. Rfd1 Re8 14. Kh2 Nf4 15. Bf1 f5 16. g3 Ne6 17. Rac1 f4 18. gxf4 exf4 19. Bd4 Nxd4 20. Nxd4 Nc5 21. f3 Ne6 22. Nce2 Rd8 23. Nxe6 Bxe6 24. b3 g5 25. Kg2 c5 26. h4 Be5 27. hxg5 hxg5 28. Kf2 Kf7 29. Bg2 Rh8 30. Rd2 g4 31. fxg4 Bxg4 32. Rh1 Rxh1 33. Bxh1 Rh8 34. Bg2 Rh2 35. Ng1 Bd4+ 36. Kf1 f3 37. Bxf3 Rxd2 38. Bxg4 Bxg1 0-1

[Event "MVP-ch Seniors op 17th"]
[Site "Binz"]
[Date "2017.12.03"]
[Round "5.41"]
[White "Meiwald, Gerhard"]
[Black "Perk, Egbert"]
[Result "1-0"]
[WhiteElo "1957"]
[BlackElo "1841"]
[PlyCount "129"]
[EventDate "2017.11.29"]
[EventType "swiss"]
[EventRounds "9"]
[EventCountry "GER"]
[SourceTitle "EXT 2019"]
[Source "ChessBase"]
[SourceDate "2018.10.10"]
[SourceVersion "1"]
[SourceVersionDate "2018.10.10"]
[SourceQuality "1"]

1. d4 Nf6 2. Bf4 d5 3. Nf3 e6 4. e3 Nbd7 5. Bd3 Be7 6. h3 c5 7. c3 b6 8. Bb5 0-0 9. Bc6 Rb8 10. Bxb8 Nxb8 11. Bb5 c4 12. Nbd2 a6 13. Ba4 b5 14. Bc2 Bb7 15. Ne5 Nbd7 16. Ndf3 Ne4 17. a4 b4 18. Nxd7 Qxd7 19. Ne5 Qc7 20. Bxe4 dxe4 21. Qe2 Bd5 22. 0-0 f6 23. Ng4 Bd6 24. f3 exf3 25. gxf3 h5 26. e4 Bb7 27. Ne3 Rc8 28. Rac1 b3 29. Rcd1 Bf4 30. Ng2 Bg3 31. h4 Qd7 32. f4 e5 33. f5 exd4 34. Rxd4 Qc7 35. Qf3 Be5 36. Rd2 Bc6 37. Nf4 Bxf4 38. Qxf4 Qxf4 39. Rxf4 Bxa4 40. Rd4 Bb5 41. Rd5 Re8 42. Kf2 Kf7 43. Ke3 Rc8 44. Rf2 Ke7 45. Rg2 Kf7 46. Rgd2 Ke7 47. Kf4 Rc7 48. e5 fxe5+ 49. Rxe5+ Kf7 50. Kg5 Rb7 51. Rdd5 Rb6 52. Kxh5 Rh6+ 53. Kg5 Rb6 54. Rc5 Rb7 55. h5 Rd7 56. Rcd5 Rb7 57. Rd6 Rc7 58. h6 gxh6+ 59. Rxh6 Kg8 60. Rd6 Kh7 61. f6 Kg8 62. Kg6 Rc8 63. f7+ Kf8 64. Kf6 Rb8 65. Rh5 1-0

[Event "MVP-ch Seniors op 17th"]
[Site "Binz"]
[Date "2017.12.01"]
[Round "3.58"]
[White "Meiwald, Gerhard"]
[Black "Schwarzwald, Holger"]
[Result "1-0"]
[WhiteElo "1957"]
[BlackElo "1717"]
[PlyCount "111"]
[EventDate "2017.11.29"]
[EventType "swiss"]
[EventRounds "9"]
[EventCountry "GER"]
[SourceTitle "EXT 2019"]
[Source "ChessBase"]
[SourceDate "2018.10.10"]
[SourceVersion "1"]
[SourceVersionDate "2018.10.10"]
[SourceQuality "1"]

1. d4 d5 2. Bf4 e6 3. Nf3 Ne7 4. Bg5 Nd7 5. e3 f6 6. Bh4 Nf5 7. Bd3 Nd6 8. Nbd2 Be7 9. c4 dxc4 10. Nxc4 b5 11. Na5 c5 12. Nc6 Qb6 13. Nxe7 Qa5+ 14. Qd2 Qxd2+ 15. Kxd2 Kxe7 16. Rac1 c4 17. Bb1 g5 18. Bg3 Bb7 19. Ke2 Nf7 20. Rhd1 g4 21. Ne1 h5 22. Bh4 Nd6 23. f3 Kf7 24. e4 Rae8 25. Nc2 a5 26. Ne3 gxf3+ 27. gxf3 Rhg8 28. Bg3 Nc8 29. b3 Ba6 30. bxc4 bxc4 31. Nxc4 Ncb6 32. Bd3 Bxc4 33. Bxc4 Nxc4 34. Rxc4 Rc8 35. Rdc1 Rxc4 36. Rxc4 Rg5 37. Rc7 Ke8 38. Rc6 Kf7 39. a4 e5 40. d5 Rg8 41. Rc7 Ke7 42. Ra7 Rb8 43. Rxa5 Rb2+ 44. Kf1 h4 45. Bxh4 Rxh2 46. Bf2 Rh1+ 47. Bg1 Rh3 48. Kg2 Rh8 49. Ra7 Kd6 50. Ra6+ Kc7 51. a5 Rg8+ 52. Kf1 Rg3 53. Kf2 Rg8 54. Rc6+ Kb8 55. a6 Rc8 56. a7+ 1-0

[Event "GER-chT Seniors 21st"]
[Site "Berlin"]
[Date "2012.09.12"]
[Round "3.60"]
[White "Meiwald, Gerhard"]
[Black "Rychlik, Kurt"]
[Result "0-1"]
[WhiteElo "1808"]
[BlackElo "1925"]
[PlyCount "126"]
[EventDate "2012.09.10"]
[EventType "team-swiss"]
[EventRounds "7"]
[EventCountry "GER"]
[SourceTitle "CBM 150 Extra"]
[Source "ChessBase"]
[SourceDate "2012.10.19"]
[SourceVersion "1"]
[SourceVersionDate "2012.10.19"]
[SourceQuality "1"]
[WhiteTeam "Schleswig Holstein Seniors II"]
[BlackTeam "Niedersachsen Seniors II"]
[WhiteTeamCountry "GER"]
[BlackTeamCountry "GER"]

1. d4 g6 2. Nf3 Bg7 3. c4 d6 4. Nc3 Nc6 5. e4 e5 6. d5 Nce7 7. Bg5 h6 8. Be3 f5 9. g3 Nf6 10. Nd2 Ng4 11. Qe2 0-0 12. f4 Nxe3 13. Qxe3 fxe4 14. Ndxe4 Nf5 15. Qd2 exf4 16. 0-0-0 Bd4 17. Kb1 Be3 18. Qg2 Kh7 19. Bd3 Bd7 20. Rdf1 Ne7 21. g4 Ng8 22. h4 Kg7 23. Nd2 Qe7 24. Re1 Qf7 25. Rhf1 Bxd2 26. Qxd2 Bxg4 27. Rg1 Bf5 28. Re6 Ne7 29. Bxf5 Qxf5+ 30. Kc1 Rf7 31. Nb5 f3 32. Nd4 Qh5 33. Qf2 Raf8 34. Nb5 Qf5 35. b3 Kh7 36. Nxc7 Qf4+ 37. Kb2 Nf5 38. Ne8 Qd4+ 39. Qxd4 Nxd4 40. Nxd6 Nxe6 41. Nxf7 Nc5 42. Ne5 f2 43. Rf1 Ne4 44. Nd3 b6 45. Ka3 g5 46. hxg5 hxg5 47. d6 Nxd6 48. Rxf2 Rxf2 49. Nxf2 Kg6 50. Kb4 Kf5 51. c5 bxc5+ 52. Ka5 Ne4 53. Nh3 g4 54. Ng1 Kf4 55. Ka6 Ke3 56. Kxa7 Kf2 57. a4 Kxg1 58. Kb6 g3 59. a5 g2 60. a6 Kf1 61. a7 g1Q 62. a8Q c4+ 63. Kb5 Qc5+ 0-1

[Event "GER-chT Seniors 19th"]
[Site "Eckernfoerde"]
[Date "2010.09.19"]
[Round "7.4"]
[White "Meiwald, Gerhard"]
[Black "Kolkwitz, Klaus"]
[Result "1-0"]
[WhiteElo "1899"]
[BlackElo "1696"]
[PlyCount "51"]
[EventDate "2010.09.13"]
[EventType "team-swiss"]
[EventRounds "7"]
[EventCountry "GER"]
[SourceTitle "EXT 2011"]
[Source "ChessBase"]
[SourceDate "2010.11.26"]
[SourceVersion "1"]
[SourceVersionDate "2010.11.26"]
[SourceQuality "1"]
[WhiteTeam "Schleswig Holstein II"]
[BlackTeam "Brandenburg II"]
[WhiteTeamCountry "GER"]
[BlackTeamCountry "GER"]

1. d4 d6 2. Nf3 g6 3. g3 Nf6 4. Bg2 Bg7 5. c4 c6 6. Nc3 0-0 7. 0-0 Nbd7 8. e4 e5 9. Re1 Qc7 10. d5 a6 11. dxc6 bxc6 12. h3 Nb6 13. Qe2 Be6 14. b3 a5 15. Ng5 a4 16. Nxe6 fxe6 17. Be3 axb3 18. axb3 d5 19. exd5 exd5 20. Rxa8 Rxa8 21. cxd5 Nbxd5 22. Qc4 Qa5 23. Qxc6 Ra6 24. Bxd5+ Nxd5 25. Qxd5+ Qxd5 26. Nxd5 1-0

[Event "GER-chT Seniors 19th"]
[Site "Eckernfoerde"]
[Date "2010.09.14"]
[Round "2.4"]
[White "Kuehn, Peter1111"]
[Black "Meiwald, Gerhard"]
[Result "1/2-1/2"]
[WhiteElo "1801"]
[BlackElo "1899"]
[PlyCount "33"]
[EventDate "2010.09.13"]
[EventType "team-swiss"]
[EventRounds "7"]
[EventCountry "GER"]
[SourceTitle "EXT 2011"]
[Source "ChessBase"]
[SourceDate "2010.11.26"]
[SourceVersion "1"]
[SourceVersionDate "2010.11.26"]
[SourceQuality "1"]
[WhiteTeam "Mecklenburg Vorpommern II"]
[BlackTeam "Schleswig Holstein II"]
[WhiteTeamCountry "GER"]
[BlackTeamCountry "GER"]

1. e4 c6 2. d4 d5 3. Nc3 dxe4 4. Nxe4 Bf5 5. Ng3 Bg6 6. Nf3 e6 7. h4 h6 8. h5 Bh7 9. Bd3 Bxd3 10. Qxd3 Nf6 11. Ne5 Nbd7 12. f4 Nxe5 13. fxe5 Nd5 14. Bd2 Qc7 15. 0-0-0 0-0-0 16. Qe2 c5 17. dxc5 1/2-1/2

[Event "GER-ch Seniors 22nd"]
[Site "Berlin"]
[Date "2010.08.20"]
[Round "5"]
[White "Meiwald, Gerhard"]
[Black "Thieme, Wolfgang"]
[Result "1/2-1/2"]
[WhiteElo "1901"]
[BlackElo "1731"]
[PlyCount "30"]
[EventDate "2010.08.16"]
[EventType "swiss"]
[EventRounds "9"]
[EventCountry "GER"]
[SourceTitle "CBM 138 Extra"]
[Source "ChessBase"]
[SourceDate "2010.10.29"]
[SourceVersion "1"]
[SourceVersionDate "2010.10.29"]
[SourceQuality "1"]

1. d4 Nf6 2. Nf3 g6 3. Bf4 Bg7 4. e3 0-0 5. c4 d5 6. Nc3 c5 7. Be2 Qa5 8. 0-0 dxc4 9. Bxc4 Nh5 10. Be5 Nc6 11. Bxg7 Kxg7 12. Ne5 cxd4 13. Nxc6 bxc6 14. Qxd4+ Nf6 15. Rfd1 Bg4 1/2-1/2

[Event "GER-ch Seniors 22nd"]
[Site "Berlin"]
[Date "2010.08.19"]
[Round "4"]
[White "Bungter, Hans"]
[Black "Meiwald, Gerhard"]
[Result "0-1"]
[WhiteElo "1635"]
[BlackElo "1901"]
[PlyCount "62"]
[EventDate "2010.08.16"]
[EventType "swiss"]
[EventRounds "9"]
[EventCountry "GER"]
[SourceTitle "CBM 138 Extra"]
[Source "ChessBase"]
[SourceDate "2010.10.29"]
[SourceVersion "1"]
[SourceVersionDate "2010.10.29"]
[SourceQuality "1"]

1. Nf3 Nf6 2. g3 g6 3. Bg2 Bg7 4. 0-0 c5 5. d3 d5 6. c3 0-0 7. Bf4 Nc6 8. Na3 a6 9. Rb1 Nh5 10. Bd2 e5 11. b4 cxb4 12. cxb4 b5 13. Rc1 Bd7 14. Qb3 Ne7 15. Rc5 Rc8 16. Rfc1 Rxc5 17. Rxc5 Bg4 18. h3 Bxf3 19. Bxf3 e4 20. Bxh5 gxh5 21. e3 Qd7 22. Kg2 h4 23. dxe4 dxe4 24. Qc2 hxg3 25. fxg3 Re8 26. Nb1 Nd5 27. Rc6 Bf8 28. a3 Qf5 29. Qd1 Rc8 30. g4 Qd7 31. Rc2 Bh6 0-1

[Event "GER-ch Seniors 22nd"]
[Site "Berlin"]
[Date "2010.08.18"]
[Round "3"]
[White "Meiwald, Gerhard"]
[Black "Kraemer, Franz Josef"]
[Result "0-1"]
[WhiteElo "1901"]
[BlackElo "1687"]
[PlyCount "52"]
[EventDate "2010.08.16"]
[EventType "swiss"]
[EventRounds "9"]
[EventCountry "GER"]
[SourceTitle "CBM 138 Extra"]
[Source "ChessBase"]
[SourceDate "2010.10.29"]
[SourceVersion "1"]
[SourceVersionDate "2010.10.29"]
[SourceQuality "1"]

1. d4 f5 2. c4 Nf6 3. Nc3 d5 4. Bg5 Ne4 5. Nxe4 dxe4 6. e3 c5 7. Ne2 Qa5+ 8. Nc3 Nc6 9. Be2 g6 10. dxc5 Bg7 11. Rc1 0-0 12. 0-0 h6 13. Bh4 g5 14. Bg3 Rd8 15. Qb3 Qxc5 16. Nd5 Ne5 17. Rfd1 e6 18. Nb4 Bd7 19. Nc2 b6 20. Nd4 Nd3 21. Bxd3 exd3 22. Nb5 e5 23. Rxd3 Be6 24. f3 a6 25. Na3 b5 26. Rdc3 b4 0-1

[Event "Niedersachsen-ch Seniors op 13th"]
[Site "Bad Bevensen"]
[Date "2010.07.13"]
[Round "8"]
[White "Meiwald, Gerhard"]
[Black "Willeke, Lutz"]
[Result "1/2-1/2"]
[WhiteElo "1901"]
[BlackElo "1710"]
[PlyCount "46"]
[EventDate "2010.07.06"]
[EventType "swiss"]
[EventRounds "9"]
[EventCountry "GER"]
[SourceTitle "EXT 2012"]
[Source "ChessBase"]
[SourceDate "2011.11.24"]
[SourceVersion "1"]
[SourceVersionDate "2011.11.24"]
[SourceQuality "1"]

1. d4 d5 2. Nf3 Nf6 3. Bf4 Bf5 4. e3 e6 5. Bd3 Bxd3 6. Qxd3 c6 7. Nbd2 Bd6 8. Bg5 Nbd7 9. 0-0 h6 10. Bh4 0-0 11. e4 dxe4 12. Nxe4 Be7 13. Bg3 Nxe4 14. Qxe4 Nf6 15. Qe2 c5 16. c3 cxd4 17. Nxd4 Qb6 18. Rab1 Nd5 19. Rfe1 Bf6 20. Nf3 Bxc3 21. bxc3 Nxc3 22. Qd3 Nxb1 23. Rxb1 Rad8 1/2-1/2

[Event "Niedersachsen-ch Seniors op 13th"]
[Site "Bad Bevensen"]
[Date "2010.07.08"]
[Round "3"]
[White "Hansch, Klaus Michael"]
[Black "Meiwald, Gerhard"]
[Result "0-1"]
[WhiteElo "1781"]
[BlackElo "1901"]
[PlyCount "66"]
[EventDate "2010.07.06"]
[EventType "swiss"]
[EventRounds "9"]
[EventCountry "GER"]
[SourceTitle "EXT 2012"]
[Source "ChessBase"]
[SourceDate "2011.11.24"]
[SourceVersion "1"]
[SourceVersionDate "2011.11.24"]
[SourceQuality "1"]

1. d4 Nf6 2. Nc3 d5 3. Bg5 Nbd7 4. e3 h6 5. Bh4 e6 6. Bd3 Be7 7. f4 c5 8. Nf3 c4 9. Be2 Bb4 10. 0-0 Bxc3 11. bxc3 Qa5 12. Be1 Ne4 13. Kh1 Ndf6 14. Ne5 Nxc3 15. Qc1 Nxe2 16. Bxa5 Nxc1 17. Raxc1 Ne4 18. Be1 0-0 19. c3 Re8 20. Nf3 Bd7 21. Nd2 Nd6 22. Kg1 Ba4 23. Kf2 Reb8 24. Kf3 a5 25. e4 b5 26. a3 b4 27. axb4 axb4 28. cxb4 Rxb4 29. exd5 exd5 30. Bf2 Bd7 31. Ra1 Rba4 32. Rxa4 Rxa4 33. g4 Ra3+ 0-1

[Event "GER-chT Seniors 18th"]
[Site "Finsterbergen"]
[Date "2009.09.18"]
[Round "7"]
[White "Raetsch, Heinz"]
[Black "Meiwald, Gerhard"]
[Result "1/2-1/2"]
[WhiteElo "2261"]
[BlackElo "2039"]
[PlyCount "89"]
[EventDate "2009.09.12"]
[EventType "team-swiss"]
[EventRounds "7"]
[EventCountry "GER"]
[SourceTitle "CBM 132 Extra"]
[Source "ChessBase"]
[SourceDate "2009.11.03"]
[SourceVersion "1"]
[SourceVersionDate "2009.11.03"]
[SourceQuality "1"]

1. Nc3 d5 2. e4 dxe4 3. Nxe4 Bf5 4. Qf3 Qd5 5. Nd6+ Qxd6 6. Qxf5 Nd7 7. Nf3 e6 8. Qd3 Qxd3 9. Bxd3 h6 10. 0-0 0-0-0 11. Re1 Bd6 12. Bf1 Ngf6 13. d4 Rhe8 14. Ne5 Rf8 15. Nc4 Be7 16. a3 Nb6 17. Nxb6+ axb6 18. c3 Nd5 19. h3 Bd6 20. c4 Ne7 21. b4 c6 22. Bb2 Rg8 23. Rac1 Bc7 24. b5 Kb8 25. a4 Rd7 26. g4 c5 27. dxc5 bxc5 28. Red1 Rxd1 29. Rxd1 Kc8 30. Bg2 Ng6 31. Bc3 Be5 32. Ba5 Bc7 33. Bxb7+ Kxb7 34. Rd7 Rc8 35. b6 Ne5 36. Rxc7+ Rxc7 37. bxc7 Nxc4 38. Bc3 f6 39. f4 Kxc7 40. g5 e5 41. gxf6 gxf6 42. fxe5 fxe5 43. Kf2 Kd6 44. Kf3 Ke6 45. a5 1/2-1/2

[Event "GER-chT Seniors 18th"]
[Site "Finsterbergen"]
[Date "2009.09.14"]
[Round "3"]
[White "Meiwald, Gerhard"]
[Black "Clemens, Christian"]
[Result "0-1"]
[WhiteElo "2039"]
[BlackElo "2290"]
[PlyCount "46"]
[EventDate "2009.09.12"]
[EventType "team-swiss"]
[EventRounds "7"]
[EventCountry "GER"]
[SourceTitle "CBM 132 Extra"]
[Source "ChessBase"]
[SourceDate "2009.11.03"]
[SourceVersion "1"]
[SourceVersionDate "2009.11.03"]
[SourceQuality "1"]

1. d4 f5 2. Nf3 Nf6 3. Bf4 e6 4. e3 b6 5. Bc4 Bb7 6. Nbd2 Be7 7. 0-0 0-0 8. c3 Ne4 9. Nxe4 fxe4 10. Nd2 d5 11. Be2 Bg5 12. Bg3 Nc6 13. c4 Ne7 14. cxd5 exd5 15. Qb3 Kh8 16. Rac1 c6 17. Qa3 Nf5 18. Be5 Qe8 19. Ba6 Bxa6 20. Qxa6 Nxe3 21. fxe3 Bxe3+ 22. Kh1 Bxd2 23. Qb7 Qg6 0-1

[Event "GER-chT Seniors 18th"]
[Site "Finsterbergen"]
[Date "2009.09.12"]
[Round "1"]
[White "Meiwald, Gerhard"]
[Black "Bodach, Hans"]
[Result "0-1"]
[WhiteElo "2039"]
[BlackElo "2063"]
[PlyCount "161"]
[EventDate "2009.09.12"]
[EventType "team-swiss"]
[EventRounds "7"]
[EventCountry "GER"]
[SourceTitle "CBM 132 Extra"]
[Source "ChessBase"]
[SourceDate "2009.11.03"]
[SourceVersion "1"]
[SourceVersionDate "2009.11.03"]
[SourceQuality "1"]

1. d4 Nf6 2. Nf3 b6 3. Bf4 Bb7 4. e3 e6 5. Bd3 Be7 6. Nbd2 d5 7. Ne5 0-0 8. Qf3 c5 9. c3 Nbd7 10. g4 Nxe5 11. Bxe5 Nd7 12. Bg3 Bf6 13. Qe2 e5 14. dxe5 Nxe5 15. Bc2 Re8 16. 0-0-0 Nd7 17. Rhg1 Nf8 18. Qd3 g6 19. Nf3 d4 20. exd4 Qd5 21. Nd2 cxd4 22. c4 Qd7 23. h3 Ne6 24. Nb3 Rac8 25. f4 Nc5 26. Nxc5 bxc5 27. Rde1 Rxe1+ 28. Rxe1 Re8 29. Bf2 Rxe1+ 30. Bxe1 Qe7 31. Kd2 Qc7 32. Bg3 Qa5+ 33. Kc1 Qxa2 34. g5 Be7 35. h4 Qa1+ 36. Bb1 Bc8 37. Qa3 Qxa3 38. bxa3 Bf8 39. Be4 Bd6 40. Kd2 Bg4 41. Bd3 Kg7 42. Bf1 f6 43. Bg2 h6 44. gxh6+ Kxh6 45. Kd3 Kg7 46. Ke4 Be6 47. Bf1 Kf7 48. Be1 Ke7 49. Bd2 Bc8 50. Be2 Bb7+ 51. Kd3 Bg2 52. Kc2 Be4+ 53. Kb3 Bc7 54. h5 gxh5 55. Bxh5 Bd3 56. Bf3 Ke6 57. Bg4+ Kf7 58. Bh5+ Kg7 59. Bf3 Kg6 60. Bg4 Bb8 61. Bc1 Bd6 62. Bd2 Bc7 63. Bc1 Bd8 64. Bd2 f5 65. Bf3 Bf1 66. Be1 Bc7 67. Bd2 d3 68. Ka4 Be2 69. Bd5 Kh5 70. Kb5 Kg4 71. Kxc5 Bxf4 72. Bc3 d2 73. Bxd2 Bxd2 74. Kd4 Kf4 75. Be6 Bc1 76. a4 Bb2+ 77. Kd5 Bf3+ 78. Kc5 Ke5 79. Bd7 f4 80. Kb5 Kd6 81. Be8 0-1

[Event "Schleswig Holstein-ch Seniors"]
[Site "Germany"]
[Date "2009.??.??"]
[Round "6"]
[White "Jauch, Dieter"]
[Black "Meiwald, Gerhard"]
[Result "0-1"]
[WhiteElo "1935"]
[BlackElo "2035"]
[PlyCount "36"]
[EventDate "2009.??.??"]
[EventType "swiss"]
[EventRounds "7"]
[EventCountry "GER"]
[SourceTitle "EXT 2011"]
[Source "ChessBase"]
[SourceDate "2010.11.26"]
[SourceVersion "1"]
[SourceVersionDate "2010.11.26"]
[SourceQuality "1"]

1. d4 Nf6 2. Nf3 d5 3. g3 g6 4. Bg2 Bg7 5. 0-0 0-0 6. Nbd2 c6 7. c3 Nbd7 8. Re1 Re8 9. h3 e5 10. dxe5 Nxe5 11. Nxe5 Rxe5 12. Nf3 Re8 13. Be3 Qc7 14. Qa4 Re4 15. Nd4 Rxe3 16. fxe3 Qxg3 17. Rf1 Bxh3 18. Rf2 Ng4 0-1

[Event "Schleswig Holstein-ch Seniors"]
[Site "Germany"]
[Date "2009.??.??"]
[Round "3"]
[White "Meiwald, Gerhard"]
[Black "Gehrmann, Rudolf Rainer"]
[Result "1/2-1/2"]
[WhiteElo "2035"]
[BlackElo "2090"]
[PlyCount "29"]
[EventDate "2009.??.??"]
[EventType "swiss"]
[EventRounds "7"]
[EventCountry "GER"]
[SourceTitle "EXT 2011"]
[Source "ChessBase"]
[SourceDate "2010.11.26"]
[SourceVersion "1"]
[SourceVersionDate "2010.11.26"]
[SourceQuality "1"]

1. d4 Nf6 2. Nf3 g6 3. c4 d6 4. Nc3 Bg7 5. e4 0-0 6. Be2 Nbd7 7. 0-0 a6 8. h3 c5 9. Be3 Qc7 10. Rc1 cxd4 11. Nxd4 b6 12. Nd5 Nxd5 13. cxd5 Qb7 14. Qc2 b5 15. Nc6 1/2-1/2

[Event "GER-chT Seniors 17th"]
[Site "Berlin"]
[Date "2008.09.03"]
[Round "4"]
[White "Worm, Alfred"]
[Black "Meiwald, Gerhard"]
[Result "0-1"]
[WhiteElo "1843"]
[BlackElo "2020"]
[PlyCount "38"]
[EventDate "2008.08.31"]
[EventType "team-swiss"]
[EventRounds "7"]
[EventCountry "GER"]
[SourceTitle "CBM 126 Extra"]
[Source "ChessBase"]
[SourceDate "2008.11.05"]
[SourceVersion "1"]
[SourceVersionDate "2008.11.05"]
[SourceQuality "1"]

1. e4 c5 2. Nf3 Nc6 3. d4 cxd4 4. Nxd4 Nf6 5. Nc3 g6 6. Be3 Bg7 7. f4 d6 8. Be2 0-0 9. Qd2 Ng4 10. Bxg4 Bxg4 11. h3 Bd7 12. 0-0-0 Na5 13. b3 Rc8 14. Nde2 Nc6 15. Nd5 e6 16. Nb4 Qa5 17. Nd3 Qxa2 18. Qe1 Na5 19. Nc5 Nxb3+ 0-1